000 00488nam a2200193Ia 4500
005 20221119152210.0
008 131103s9999 xx 000 0 und d
040 _aLoreto College
041 _aEnglish
082 _a954.03
_bMOO
100 _aMoon,Penderel
245 _aStrangers in India
_cPenderel Moon
260 _aLondon
_bFaber and Faber Ltd.
_c[19 - ?]
300 _a212 p.
504 _aIncludes index
650 _aIndian Modern History
850 _aLCLIB
942 _cBK
999 _c9846
_d60325